000 00936cad a22002295a 4500
001 L152014
008 110225s20110221 d f s 000 0 eng u
035 _a(Sirsi) u152354
041 0 _aeng
050 _a333.33 $2 18
110 2 _aRightmove
245 0 0 _aHow long will Mr Average have to rent?
_h[electronic resource]
260 _aLondon
_bRightmove
_c2011
490 0 0 _aRightmove House Price Index
_vFebruary 2011
520 _aAverage national price up by 3.1% on the January 2011 figure. Year on year growth is 0.3%. A few elite markets moving, with new seller numbers in London up by 21% on previous year
590 _aKA NTK
650 2 4 _aRIGHTMOVE HOUSE PRICE INDEX
651 4 _aUnited Kingdom
_y
690 _aPROPERTY-RESIDENTIAL PROPERTY-RESIDENTIAL PROPERTY MARKET
856 4 0 _uhttps://www.rightmove.co.uk/news/files/2011/02/february-2011.pdf
_zView the item free of charge at www.rightmove.co.uk
942 _n0
999 _c112014
_d112014